Health screen (Record no. 92400)

MARC details
000 -LEADER
fixed length control field 00442nam a22001457a 4500
005 - DATE AND TIME OF LATEST TRANSACTION
control field 20150323144259.0
008 - FIXED-LENGTH DATA ELEMENTS--GENERAL INFORMATION
fixed length control field 150323b xxu||||| |||| 00| 0 eng d
040 ## - CATALOGING SOURCE
Original cataloging agency dpl
245 ## - TITLE STATEMENT
Title Health screen
260 ## - PUBLICATION, DISTRIBUTION, ETC. (IMPRINT)
Place of publication, distribution, etc Navi Mumbai
Name of publisher, distributor, etc Thyrocare
300 ## - PHYSICAL DESCRIPTION
Extent v.
Dimensions 27 cm
310 ## - CURRENT PUBLICATION FREQUENCY
Current publication frequency Monthly
270 ## - ADDRESS
City Navi Mumbai
Postal code 400703
Address D-37/1,TTC Industrial Area,MIDC,Turbhe,
Country India
Telephone number 022-30900000
Fax number 22-27682409
Electronic mail address healthscreen@thyrocare.com
942 ## - ADDED ENTRY ELEMENTS (KOHA)
Source of classification or shelving scheme Dewey Decimal Classification
Item type Periodicals
Serial record 1
Holdings
Withdrawn status Lost status Source of classification or shelving scheme Damaged status Not for loan Collection code Home library Current library Date acquired Total Checkouts Date last seen Price effective from Koha item type
    Dewey Decimal Classification   Not For Loan Non-fiction D.B.Act.Division D.B.Act.Division 23/03/2015   23/03/2015 23/03/2015 Periodicals

© Delhi Public Library
Hit Counter
free hit counter